বিবেকানন্দের স্বেচ্ছামৃত্যুর ধারাভাষ্য /
Novel based on the death of Swami Vivekananda, 1863-1902.
| Hoofdauteur: | |
|---|---|
| Formaat: | Boek |
| Taal: | Bengali English |
| Gepubliceerd in: |
কলকাতা :
দে'জ পাবলিশিং,
২০১৬.
|
| Onderwerpen: | |
| Classic Catalogue: | View this record in Classic Catalogue |
| LEADER | 01522nam a22003497i 4500 | ||
|---|---|---|---|
| 001 | 38335 | ||
| 003 | BD-DhAAL | ||
| 008 | 220406t2016 ii af 000 1 ben d | ||
| 999 | |c 44003 |d 44003 | ||
| 010 | |a 2016325531 | ||
| 020 | |a 9789381679821 | ||
| 025 | |a I-B-2016325531; 10 | ||
| 037 | |b Library of Congress -- New Delhi Overseas Office | ||
| 040 | |a DLC |b eng |c DLC |e rda |d DLC |d BD-DhAAL | ||
| 041 | 0 | |a ben |a eng | |
| 042 | |a lcode | ||
| 050 | 0 | 0 | |a MLCSA 2016/51174 (P) |
| 082 | |a 294.564 | ||
| 100 | |a রায়, সুজিত |9 47790 | ||
| 245 | 1 | 0 | |a বিবেকানন্দের স্বেচ্ছামৃত্যুর ধারাভাষ্য / |c সুজিত রায় |
| 246 | 3 | 1 | |a Vivekanandesr swechcha mrityur dharabhasya |
| 260 | |a কলকাতা : |b দে'জ পাবলিশিং, |c ২০১৬. | ||
| 300 | |a ২৫৬ পৃষ্ঠা : |b চিত্র ; |c ২২ সে.মি. | ||
| 500 | |a Novel. | ||
| 520 | |a Novel based on the death of Swami Vivekananda, 1863-1902. | ||
| 541 | |a Donated By Akbar Ali Khan |e 38335 | ||
| 546 | |a In Bengali; includes passages in English. | ||
| 600 | 0 | 0 | |a Vivekananda, |c Swami, |d 1863-1902 |x Death |v Fiction. |9 47791 |
| 600 | 0 | 0 | |a Vivekananda, |c Swami, |d 1863-1902. |9 47792 |
| 852 | |a Donated By Akbar Ali Khan |c Akbar Ali Khan Collection | ||
| 942 | |2 ddc |c BK | ||
| 952 | |0 0 |1 0 |2 ddc |4 0 |6 294_564000000000000_ROY |7 1 |9 70405 |a BRACUL |b BRACUL |c CS1 |d 2022-04-06 |e Donated by Akbar Ali Khan |l 0 |o 294.564 ROY |p 3010038335 |r 2022-04-06 |t 1 |w 2022-04-06 |y BK | ||